| 000 | 00000nam 2200000zi 4500 |
| 001 | 9.856418 |
| 003 | CaOODSP |
| 005 | 20221107155526 |
| 006 | m o d f |
| 007 | cr ||||||||||| |
| 008 | 180510t20172017onc ob f000 0 fre d |
| 020 | |a9780660265513 |
| 040 | |aCaOODSP|bfre |
| 043 | |an-cn--- |
| 086 | 1 |aPS113-1/2017-19-1F-PDF |
| 100 | 1 |aBania, Melanie, |eauteur. |
| 245 | 10|aAdaptations locales de programmes de prévention du crime : |btrouver l’équilibre optimal entre la fidélité et la correspondance : éléments clés efficaces des programmes de prévention du crime / |cpar Melanie Bania, Vanessa Chase, Ben Roebuck, et Beth O’Halloran. |
| 264 | 1|aOttawa, Ontario : |bSécurité publique Canada = Public Safety Canada, |c[2017] |
| 264 | 4|c©2017 |
| 300 | |a1 ressource en ligne (172 pages) |
| 336 | |atexte|btxt|2rdacontent/fre |
| 337 | |ainformatique|bc|2rdamedia/fre |
| 338 | |aressource en ligne|bcr|2rdacarrier/fre |
| 490 | 1 |aRapport de recherche ; |v2017-R019-A |
| 500 | |aPubl. aussi en anglais sous le titre : Local adaptations of crime prevention programs : finding the optimal balance between fidelity and fit : key effective elements of crime prevention programming. |
| 504 | |aComprend des références bibliographiques (pages 143-172). |
| 650 | 6|aCriminalité|xPrévention. |
| 710 | 1 |aCanada. |bSécurité publique Canada. |bDivision de la recherche, |eorganisme de publication. |
| 775 | 08|tLocal adaptations of crime prevention programs : |w(CaOODSP)9.856417 |
| 830 | #0|aRapport de recherche (Canada. Sécurité publique Canada)|v2017-R019-A|w(CaOODSP)9.817085 |
| 856 | 40|qPDF|s2.19 Mo|uhttps://publications.gc.ca/collections/collection_2021/sp-ps/PS113-1-2017-19-1-fra.pdf |